LEADER 00851naa a2200169 i 4500 001 000000308247 003 CaOOAMICUS 005 20180831172931.0 008 180831n it u000 u ita u 013 $a17211 040 $aSeMil$bita 100 1 $aSartore, Domenico .$0(OLS)http://semarc/name/5835 245 10$aRuolo della liturgia nei più recenti documenti normativi degli studi ecclesiastici. 650 4$aSeminari - Ordinamento, statuti, regole.$0(OLS)http://semarc/subject/28352 650 4$aSeminari - Ratio Studiorum - Storia.$0(OLS)http://semarc/subject/37968 773 0 $aLorenzo : da Fara$tLiturgia per l'uomo.$dPadova : Messaggero, 1986.$kCaro Salutis Cardo. Studi$z88-7026-722-9$gp.295-314$w()52755 996 $6245$aRuolo della liturgia nei più recenti documenti normativi degli studi ecclesiastici$9(OLS)http://semarc/title/383521 LEADER 01387nam a2200301 i 4500 001 000000053960 003 CaOOAMICUS 005 19970428000000.0 008 970428s1995 xx u000 u fre u 013 $a25132 020 $a2-7189-0635-9 040 $aSeMil$bita 245 10$aLibéralisme, industrialisation, expansion européenne (1830-1914) /$csous la responsabilité de Jacques Gadille, Jean-Marie Mayeur. 300 $a1172 p. 500 $aContiene : Bibliographie générale. 650 4$aCristianesimo - Storia - Età Contemporanea.$0(OLS)http://semarc/subject/11078 650 4$aCristianesimo - Storia - Sec. 20.-21.$0(OLS)http://semarc/subject/11075 650 4$aEuropa - Storia - Sec. 19.$0(OLS)http://semarc/subject/1859 650 4$aIndustria.$0(OLS)http://semarc/subject/8211 650 4$aLiberalismo.$0(OLS)http://semarc/subject/6380 700 1 $aMayeur, Jean-Marie <1933-2013>.$0(OLS)http://semarc/name/731 700 1 $aGadille, Jacques.$0(OLS)http://semarc/name/23878 773 0 $tHistoire du Christianisme.$gTome11$w()863 850 $aSeMil 852 $aSeMil$W1$xVenegono$y1$m3A V 361$j20114$B20114$CSeMilBibl$Z2$F20116 $81 961 $aAcquisto: Casa editrice 996 $6020$a2-7189-0635-9$9(OLS)http://semarc/number/28782 996 $6245$aLibéralisme, industrialisation, expansion européenne (1830-1914)$9(OLS)http://semarc/title/83343